Congreso del Partido Socialista Costarricense: sobre la concepción estratégica unitaria, regional y Centroamericana de la lucha de liberación

Gespeichert in:
Bibliographische Detailangaben
Körperschaft: Partido Socialista Costarricense
Format: Text
Veröffentlicht: San José: PSC
Tags: Tag hinzufügen
Keine Tags, Fügen Sie den ersten Tag hinzu!

MARC

LEADER 00000 a a2200000 04500
001 16561
003
040
090 |a EXTRAVIADO  
110 |a Partido Socialista Costarricense  
245 |a Congreso del Partido Socialista Costarricense: sobre la concepción estratégica unitaria, regional y Centroamericana de la lucha de liberación  
260 |a San José:   |b PSC  
300 |a 11 p.  
999 |c 6781  |d 6781